Najstarsi zwycięzcy konkursów Pucharu Świata w skokach narciarskich - Statystyki

Ogólne statystyki
  • Ten quiz został rozwiązany 228 razy
  • Średni wynik to 13 z 20
Statystyki odpowiedzi
Miejsce Imię i nazwisko Kraj Data zwycięstwa Miejsce Wiek % Poprawnych
1 Noriaki Kasai Japonia 29 listopada 2014 Kuusamo 42 lata 5 m. 23 d.
97%
5 Kamil Stoch Polska 9 stycznia 2021 Titisee-Neustadt 33 lata 7 m. 15 d.
93%
8 Adam Małysz Polska 21 stycznia 2011 Zakopane 33 lata 1 m. 18 d.
90%
9 Piotr Żyła Polska 15 lutego 2020 Tauplitz/Bad Mitterndorf 33 lata 0 m. 30 d.
89%
10 Dawid Kubacki Polska 16 marca 2023 Lillehammer 33 lata 0 m. 4 d.
88%
7 Simon Ammann Szwajcaria 29 listopada 2014 Kuusamo 33 lata 5 m. 4 d.
88%
16 Stefan Kraft Austria 13 marca 2024 Trondheim 30 lat 10 m. 0 d.
76%
3 Robert Kranjec Słowenia 18 marca 2016 Planica 34 lata 8 m. 2 d.
71%
17 Janne Ahonen Finlandia 4 marca 2008 Kuopio 30 lat 9 m. 22 d.
68%
6 Pius Paschke Niemcy 16 grudnia 2023 Engelberg 33 lata 6 m. 26 d
65%
15 Karl Geiger Niemcy 10 grudnia 2023 Klingenthal 30 lat 10 m. 0 d.
59%
4 Jernej Damjan Słowenia 26 listopada 2017 Kuusamo 34 lata 5 m. 29 d.
58%
13 Anders Bardal Norwegia 7 marca 2014 Trondheim 31 lat 6 m. 10 d.
55%
11 Jan Matura Czechy 20 stycznia 2013 Sapporo 32 lata 11 m. 22 d.
55%
2 Takanobu Okabe Japonia 10 marca 2009 Kuopio 38 lat 4 m. 12 d.
55%
14 Robert Johansson Norwegia 24 stycznia 2021 Lahti 30 lat 10 m. 1 d.
49%
19 Martin Koch Austria 18 marca 2012 Planica 30 lat 1 m. 25 d.
38%
20 Andreas Felder Austria 29 marca 1992 Planica 30 lat 0 m. 23 d.
31%
12 Jens Weißflog Niemcy 18 lutego 1996 Iron Mountain 31 lat 6 m. 28 d.
31%
18 Martin Höllwarth Austria 6 stycznia 2005 Bischofshofen 30 lat 8 m. 24 d.
20%
Nie znaleziono quizów pasujących do podanych kryteriów
Rozkład punktacji
Procent ludzi z każdym wynikiem
Percentyl według liczby udzielonych odpowiedzi
Twoja historia wyników
Nie rozwiązałeś tego quizu